Quizzes
Events
Quiz Creation
Community
Videos
Private Events
Remove Ads
Sign In
Join for FREE
Feedback
Dark Mode
Quiz Categories
Sports
Geography
Music
Movies
Television
Just For Fun
Miscellaneous
History
Literature
Language
Science
Gaming
Entertainment
Religion
Holiday
For Kids
Quiz Lab
Recent
Popular Today
Quiz Kudos Today
Editor Picks
Curator Picks
Quizzes by...
Day
Popularity
Type
Ratings
Length
Year
Community
Subscriptions
Recent Discussions
Orange Saloon
Badges
Playlists
Quests
Create
Leaderboards
Showdown
Live 5
Trivia Bingo
Activity
Puzzle Library
Sporcle Events
Private Events
Virtual Trivia
Globe League
Become a Host
Pub Owners
SporcleCon
Opinionation
Our Games
Videos
Blog
Mobile Apps
Partnerships
Remove Ads and Go Orange
Feedback
Holiday
Halloween
Christmas
Holiday Songs
April Fools'
Thanksgiving
Valentine's Day
Easter
St Patrick's Day
National Holiday
Religious Holiday
Holiday
Halloween
Christmas
Holiday Songs
April Fools'
Thanksgiving
Valentine's Day
Easter
St Patrick's Day
National Holiday
Religious Holiday
Random Quiz
Search Sporcle
×
Quiz Lab
Quiz Lab
Holiday
Christmas
Type in answers that appear in a list
Type in answers that appear in a list
Classic
Best Score? Go Orange.
Bob & Doug McKenzie's 12 Days of Xmas Stats
Can you name the Bob & Doug McKenzie's 12 Days of Xmas?
By
grsweat
4m
13 Questions
43 Plays
43 Plays
43 Plays
Comments
Comments
Give Quiz Kudos
Give Quiz Kudos
-
- Ratings
hide this ad
Replay
Link that replays current quiz
Next Quiz
Link to next quiz in quiz playlist
You Got
0%
They Got
Avg Score
22%
Avg Friend Score
Upgrade to see
Score Distribution
Jump to the score distribution portion of the page
Score
0/13
Timer
04:00
0
Plays Today
Day of Christmas
Gift
% Correct
First Day of Christmas
A Beer
100%
2nd Day of Christmas
2 Turtle Necks
34.9%
3rd Day of Christmas
3 French Toasts
27.9%
Bonus
Donuts
27.9%
4th Day of Christmas
4 Pounds of Back Bacon
23.3%
5th Day of Christmas
5 Golden Toques
18.6%
8th Day of Christmas
8 Comic Books
16.3%
7th Day of Christmas
7 Packs of Smokes
14%
9th Day of Christmas
Nothing
7%
10th Day of Christmas
Nothing
7%
11th Day of Christmas
Nothing
7%
12th Day of Christmas
Nothing
7%
6th Day of Christmas
6 Packs of Tuborg
2.3%
Quiz Playlist
Details
Report
Send in Message
Add To Playlist
Classic:
Type in answers that appear in a list
Quiz Source
Last Updated: Feb 16, 2017
Quiz Scoreboard
CHALLENGE
Sign Up to Join the Scoreboard
Show All
Scores
Hide
Comments
May contain spoilers
Recently Published
1-10 Letter E Words III
by El_Dandy
Language
2m
One Thing in Common: World Cities II
by knightlancer
Geography
7m
Popular People in 1961
by mucciniale
History
6m
More to Explore
Quiz From the Vault
Featured Blog Post
Where Did the Easter Bunny Come From?
hide this ad
You Might Also Like...
Tags
Christmas Quiz
12 Days of Christmas
bob
doug
gift
Mckenzie
XMA
Today's Top Quizzes in Holiday
Browse Holiday
hide this ad
Today's Top Quizzes in Christmas
Browse Christmas
Top Contributed Quizzes in Holiday
1
Easter - Did You Know?
2
Holidays Spelling Bee
3
The Holiday Category, A to Z
4
Show What You Know: US Federal Holidays
5
The 3rd thing you need to know: Halloween
6
Festive Symbols: Christmas or Hallowe'en?
7
Order the Chinese Zodiac Animals
8
10 to 1: Ramadan
9
Slices of Holidays
10
Find the movie in SKYLINE PICTURE
Explore More
Trending Topics
Disney
Harry Potter
Anime
Crossword
Marvel
NBA
Kpop
Puzzle
Pokémon
NFL
Song
WWE
The Office
Soccer
Country
hide this ad
More By:
grsweat
Quiz
Plays
Rating
Category
Featured
Created
NCAA football mascots
25,240
3.13
Sports
Oct 15, 2009
Bob & Doug McKenzie's 12 Days of Xmas
43
1.80
Holiday
Dec 11, 2009
Go to Creator's Profile
Score Distribution
Quiz Creator Spotlight
grsweat
Follow
Send a Message
Quizzes Created
-
Created Quiz Play Count
-
More By This Creator
Popular Quizzes Today
1
Find the US States - No Outlines Minefield
2
The Countries of the World
3
Popular People in 1961
4
Find the Countries of Europe - No Outlines Minefield
5
1-10 Letter E Words III
6
Find the US States
7
One Thing in Common: World Cities II
8
US States
More Holiday Quizzes
Countries Necessary for Valentine's Day
Editor's Pick
Trending Quizzes
1-10 Letter F Words
One Thing in Common: Music
1-10 Letter G Words
Risky Map Clicking: Next State Alphabetically
1-10 Letter F Words II
Recently Updated
Leaping Animals
pecheneg
Reality TV Shows (A-Z)
bhenderson79
Rickey Henderson's Hall of Fame Teammates
pecheneg
Champions League XIs: Arsenal
pecheneg
Quick Pick: Celebrities in WWE's Hall of Fame
aduchscher
A-Z Keypad Blitz II
pecheneg
Multiple Oscar Actors
pecheneg
Mystery Phrase Blitz: Oscar 'Best Actors'
pecheneg
F. Scott Fitzgerald Novels
LTH
Pick 3 Villains
ddd62291
Trending Topics
Marvel
Crossword
Kpop
NBA
Disney
Harry Potter
Anime
WWE
NFL
Pokémon
Song
Country
Puzzle
The Office
Soccer
Your Account Isn't Verified!
In order to create a playlist on Sporcle, you need to verify the email address you used during registration. Go to your
Sporcle Settings
to finish the process.
Report this User
Report this user for behavior that violates our
Community Guidelines
.
Details:
Send Report
Go to the Sporcle.com Mobile Site →
Comments